Thiết kế chế tạo thiết bị tự động kiểm tra kích thước chi tiết hình trụ trơn
Tổng quan về các hệ thống tự động phục vụ sản xuất; Tự động hóa quá trình cấp phôi và kiểm tra; Một số vấn đề lý thuyết sai số, phương pháp đo kích thước thẳng và cách chọn phương án đo trong kiểm tra tự động; Thiết kế, chế tạo thiết bị tự động kiểm tra kích thước chi tiết hình trụ trơn; Thiết kế mô...
Gorde:
| Egile nagusia: | |
|---|---|
| Beste egile batzuk: | |
| Formatua: | Liburua |
| Hizkuntza: | Vietnamese |
| Argitaratua: |
Đà Nẵng :
Đại học Đà Nẵng,
2005.
|
| Gaiak: | |
| Etiketak: |
Etiketa erantsi
Etiketarik gabe, Izan zaitez lehena erregistro honi etiketa jartzen!
|
| Thư viện lưu trữ: | Mạng thư viện Đại học Đà Nẵng |
|---|
| LEADER | 01796cam a2200361 a 4500 | ||
|---|---|---|---|
| 001 | 000043961 | ||
| 003 | 2106 | ||
| 005 | 20060308150950.0 | ||
| 008 | 010217b2005 vm 000 vie | ||
| 040 | |a LRC |c LRC |d LRC | ||
| 041 | 0 | |a vie | |
| 082 | 1 | 4 | |a 621.8 |b TR-H |
| 100 | 1 | |a Trần Đại Hiếu. | |
| 245 | 1 | 0 | |a Thiết kế chế tạo thiết bị tự động kiểm tra kích thước chi tiết hình trụ trơn |h [Thesis - Luận văn] / |c Trần Đại Hiếu thực hiện; Phạm Đăng Phước hướng dẫn. |
| 260 | |a Đà Nẵng : |b Đại học Đà Nẵng, |c 2005. | ||
| 300 | |a 04, 74 tr. : |b mh. ; |c 29 cm + |e 01 tóm tắt. | ||
| 520 | 3 | |a Tổng quan về các hệ thống tự động phục vụ sản xuất; Tự động hóa quá trình cấp phôi và kiểm tra; Một số vấn đề lý thuyết sai số, phương pháp đo kích thước thẳng và cách chọn phương án đo trong kiểm tra tự động; Thiết kế, chế tạo thiết bị tự động kiểm tra kích thước chi tiết hình trụ trơn; Thiết kế môđun điều khiển tự động. | |
| 630 | 0 | 4 | |a Tự động. |
| 650 | 0 | 4 | |a Thiết bị |x Tự động. |
| 700 | 1 | |a Phạm Đăng Phước, |c TS., |e hướng dẫn. | |
| OWN | |a DUT | ||
| AVA | |a UDN50 |b DUT |c Internal Resources |d 621.8 TR-H |e available |t Error 5001 Not defined in file expand_doc_bib_avail. |f 1 |g 0 |h N |i 0 |j NS |k 1 | ||
| 999 | |a From the UDN01 | ||
| AVA | |a UDN50 |b DUT |c Internal Resources |d 621.8 TR-H |e available |t Error 5001 Not defined in file expand_doc_bib_avail. |f 1 |g 0 |h N |i 0 |j NS |k 1 | ||
| TYP | |a Mixed Materials | ||
| TYP | |a Monograph | ||
| TYP | |a Printed language | ||
| 980 | |a Mạng thư viện Đại học Đà Nẵng | ||